Longest Songs on Pink Floyd Albums - Statistics

General Stats
  • This quiz has been taken 45 times
  • The average score is 9 of 15
Answer Stats
Hint Answer % Correct
Meddle Echoes
97%
Animals Dogs
95%
Atom Heart Mother Atom Heart Mother
87%
The Dark Side of the Moon Us and Them
84%
The Wall Comfortably Numb
71%
Wish You Were Here Shine On You Crazy Diamond (Parts I-IV)
68%
The Division Bell High Hopes
63%
A Saucerful of Secrets A Saucerful of Secrets
61%
The Piper at the Gates of Dawn Interstellar Overdrive
55%
A Momentary Lapse of Reason Sorrow
37%
The Endless River Louder Than Words
32%
More Quicksilver
29%
Obscured by Clouds Absolutely Curtains
26%
The Final Cut The Gunner's Dream
26%
Ummagumma Grantchester Meadows
24%
No matching quizzes found
Score Distribution
Percent of People with Each Score
Percentile by Number Answered
Your Score History
You have not taken this quiz